Dynamický model spoločného trhu s emisnými povoleniami ako spôsob riešenia problému znečisťovania perzistentnými látkami

Rozvíjanie trhu povolení spoločného fondu formulovaného ako dynamický hrubý fond na obchodovanie s emisnými povolenkami (EDP) pre perzistentné znečisťujúce látky. Rozhodnutia jednotlivých agentov o dopyte týkajúcich sa EDP a dynamická formulácia hrubého spoločného trhu, vrátane všeobecného súboru pr...

Descrizione completa

Salvato in:
Dettagli Bibliografici
Autore principale: Čaplánová, Anetta, 1967-
Altri autori: Sivák, Rudolf, 1955-, Willett, Keith
Natura: Capitolo di libro
Lingua:slovacco
Soggetti:
Tags: Aggiungi Tag
Nessun Tag, puoi essere il primo ad aggiungerne!!

MARC

LEADER 00000naa a2200000 4500
001 0276721
005 20240725104250.3
041 0 |a slo 
044 |a CZ 
245 1 0 |a Dynamický model spoločného trhu s emisnými povoleniami ako spôsob riešenia problému znečisťovania perzistentnými látkami  |c Anetta Čaplánová, Rudolf Sivák, Keith Willett 
520 |a Rozvíjanie trhu povolení spoločného fondu formulovaného ako dynamický hrubý fond na obchodovanie s emisnými povolenkami (EDP) pre perzistentné znečisťujúce látky. Rozhodnutia jednotlivých agentov o dopyte týkajúcich sa EDP a dynamická formulácia hrubého spoločného trhu, vrátane všeobecného súboru pravidiel pre stanovenie marginálnych nákladov používaných na tomto type trhu obchodovania s povoleniami. 
610 2 0 |a znečistenie ovzdušia 
610 2 0 |a prostredie životné 
610 2 0 |a obchod 
610 2 0 |a emisie 
100 1 |a Čaplánová, Anetta, 1967- 
700 1 |a Sivák, Rudolf, 1955- 
700 1 |a Willett, Keith